Quizzes
Events
Quiz Creation
Community
Videos
Private Events
Remove Ads
Sign In
Join for FREE
Feedback
Dark Mode
Quiz Categories
Sports
Geography
Music
Movies
Television
Just For Fun
Miscellaneous
History
Literature
Language
Science
Gaming
Entertainment
Religion
Holiday
For Kids
Quiz Lab
Recent
Popular Today
Quiz Kudos Today
Editor Picks
Curator Picks
Quizzes by...
Day
Popularity
Type
Ratings
Length
Year
Community
Subscriptions
Recent Discussions
Orange Saloon
Badges
Playlists
Quests
Create
Leaderboards
Showdown
Live 5
Trivia Bingo
Activity
Puzzle Library
Sporcle Events
Private Events
Virtual Trivia
Globe League
Become a Host
Pub Owners
SporcleCon
Opinionation
Our Games
Videos
Blog
Mobile Apps
Partnerships
Remove Ads and Go Orange
Feedback
Music
Pop Music
The Beatles
Song
Album
Lyrics
Bands
Singers
Artist
Clip
Rock
Rap
Classical
Billboard
Country Music
Kpop
Taylor Swift
Music
Pop Music
The Beatles
Song
Album
Lyrics
Bands
Singers
Artist
Clip
Rock
Rap
Classical
Billboard
Country Music
Kpop
Taylor Swift
Random Quiz
Search Sporcle
×
Quiz Lab
Quiz Lab
Music
Album
Type in answers that appear in a list
Type in answers that appear in a list
Classic
Best Score? Go Orange.
Pixie Lott's Songs Stats
Can you name the songs by Pixie Lott?
By
efc
5m
40 Questions
328 Plays
328 Plays
328 Plays
Comments
Comments
Give Quiz Kudos
Give Quiz Kudos
-
- Ratings
hide this ad
Replay
Link that replays current quiz
Next Quiz
Link to next quiz in quiz playlist
You Got
0%
They Got
Avg Score
34%
Avg Friend Score
Upgrade to see
Score Distribution
Jump to the score distribution portion of the page
Score
0/40
Timer
05:00
0
Plays Today
Album
Song
% Correct
Turn It Up
Turn It Up
85.4%
Turn It Up
Mama Do (Uh Oh, Uh Oh)
82%
Turn It Up
Boys and Girls
80.8%
Young Foolish Happy
All About Tonight
75%
Turn It Up
Cry Me Out
70.7%
Young Foolish Happy
Kiss the Stars
66.9%
Turn It Up
Gravity
64.6%
Turn It Up Louder
Broken Arrow
64%
Turn It Up
Jack
59.5%
Full Tank (Tinchy Stryder)
Bright Lights
58.9%
Young Foolish Happy
What Do You Take Me For?
57.3%
Turn It Up
Band Aid
53%
Young Foolish Happy
Stevie on the Radio
52.4%
Young Foolish Happy
Birthday
45.2%
Turn It Up Louder
Use Somebody
42.4%
Turn It Up Louder
Coming Home
41.8%
Turn It Up
My Love
41.5%
Turn It Up Louder
Catching Snowflakes
41.2%
Turn It Up
Here We Go Again
40.5%
Turn It Up
The Way the World Works
40.2%
Album
Song
% Correct
Turn It Up Louder
Can't Make This Over
39.9%
Young Foolish Happy
Come Get It Now
39.5%
Turn It Up
Nothing Compares
39%
When the Sun Goes Down (Selena Gomez and the Scene)
We Own The Night
36.3%
Turn It Up
Hold Me In Your Arms
34.8%
Young Foolish Happy
Nobody Does It Better
34.7%
Turn It Up Louder
Without You
34.5%
Turn It Up Louder
When Love Takes Over
33.5%
Turn It Up Louder
Rolling Stone
33.5%
Young Foolish Happy
We Just Go On
33.1%
Young Foolish Happy
You Win
33.1%
Young Foolish Happy
Dancing on My Own
31.5%
Turn It Up Louder
Doing Fine (Without You)
30.8%
Young Foolish Happy
Perfect
29%
Young Foolish Happy
Love You to Death
26.6%
Tuskegee (Lionel Richie)
Angel
26.6%
Charity Single (Young Soul Rebels)
I Got Soul
25.9%
Young Foolish Happy
Bright Lights (Good Life) Part II
25.8%
Turn It Up Louder
Want You
25.3%
Turn It Up
Silent Night (UK iTunes Deluxe Edition)
14%
Quiz Playlist
Details
Report
Send in Message
Add To Playlist
Classic:
Type in answers that appear in a list
Quiz Source
Last Updated: Feb 16, 2017
Quiz Scoreboard
CHALLENGE
Sign Up to Join the Scoreboard
Show All
Scores
Hide
Comments
May contain spoilers
Recently Published
9x9 Crossword: Cartoon Network
by jackfrog10
Miscellaneous
3m
College Basketball Coaching Resumes
by pancakes188
Sports
9m
Billboard Blitz: Fleetwood Mac
by CooCooCachoo
Music
15s
More to Explore
Quiz From the Vault
Featured Blog Post
Where Did the Easter Bunny Come From?
hide this ad
You Might Also Like...
Tags
Album Quiz
Song Quiz
Taylor Swift Quiz
chipmunk
Pixies Songs
Turn
Victoria
Today's Top Quizzes in Music
Browse Music
hide this ad
Today's Top Quizzes in Album
Browse Album
Top Contributed Quizzes in Music
1
Taylor Swift All Songs (2024)
2
Guess the Artist- 70s Songs
3
7-to-1: Billboard Hot 100 #1 Hits of 2010s
4
Taylor Swift Logic Puzzle
5
Sorting Albums and Songs
6
KPOP LOGIC QUIZ
7
Guess the Taylor Swift song (Mystery Song)
8
Guess The Taylor Swift Lyrics Song #1
9
Billboard Blitz: ABBA
10
Billboard Blitz: The Beatles
Explore More
Trending Topics
Disney
Kpop
Harry Potter
Anime
Crossword
Marvel
NBA
WWE
Puzzle
The Office
Song
Country
Pokémon
Soccer
NFL
hide this ad
More By:
efc
Quiz
Plays
Rating
Category
Featured
Created
Wayne Rooney's Goals
8,577
4.40
Sports
Jul 13, 2010
5 Premier League Hattricks
7,837
3.30
Sports
Jun 7, 2012
Man United Squad 2010/11
4,991
4.27
Sports
Jul 6, 2010
Liverpool Squad 2010/11
4,559
4.11
Sports
Aug 5, 2010
Man Utd 2000-2009
4,237
4.44
Sports
Aug 1, 2010
Go to Creator's Profile
Score Distribution
Quiz Creator Spotlight
efc
Follow
Send a Message
Quizzes Created
-
Created Quiz Play Count
-
More By This Creator
Popular Quizzes Today
1
Find the US States - No Outlines Minefield
2
Find the Countries of Europe - No Outlines Minefield
3
The Countries of the World
4
Find the US States
5
Risky Map Clicking: Biggest States A-Z
6
US States
7
Popular People in 1961
8
Movies - When Are They Set?
More Music Quizzes
K-Pop Songs by Korean Title (Boy Groups)
Quiz Lab
Trending Quizzes
Risky Map Clicking: Least Populous States A-Z
1-10 Letter G Words
Risky Map Clicking: Next State Alphabetically
Adjectives in 80s TV Shows
Risky Map Clicking: Biggest States A-Z
Recently Updated
Leaping Animals
pecheneg
Reality TV Shows (A-Z)
bhenderson79
Rickey Henderson's Hall of Fame Teammates
pecheneg
Champions League XIs: Arsenal
pecheneg
Quick Pick: Celebrities in WWE's Hall of Fame
aduchscher
A-Z Keypad Blitz II
pecheneg
Multiple Oscar Actors
pecheneg
Mystery Phrase Blitz: Oscar 'Best Actors'
pecheneg
F. Scott Fitzgerald Novels
LTH
Pick 3 Villains
ddd62291
Trending Topics
Marvel
Anime
NBA
Disney
Kpop
Harry Potter
Crossword
Puzzle
Soccer
Pokémon
Song
NFL
The Office
Country
WWE
Your Account Isn't Verified!
In order to create a playlist on Sporcle, you need to verify the email address you used during registration. Go to your
Sporcle Settings
to finish the process.
Report this User
Report this user for behavior that violates our
Community Guidelines
.
Details:
Send Report
Go to the Sporcle.com Mobile Site →
Comments